Associez le stade à son club - France - Statistiques

Statistiques générales
  • Ce quiz a été pris 194 fois
  • Le résultat moyen est 23 sur 55
Statistiques - réponses
Hint Réponse % Correct
Parc des Princes Paris Saint-Germain
90%
Stade Orange-Vélodrome Olympique de Marseille
86%
Roazhon Park Stade Rennais
78%
La Beaujoire FC Nantes
75%
Allianz Riviera OGC Nice
75%
Groupama Stadium Olympique Lyonnais
73%
Stade Geoffroy Guichard AS Saint-Etienne
72%
Stade Louis II AS Monaco
71%
Matmut Atlantique Girondins de Bordeaux
68%
Stade Pierre Mauroy Lille OSC
68%
Stade Bollaert-Delelis RC Lens
68%
Stade de l'Abbé Deschamps AJ Auxerre
67%
Stade de la Licorne Amiens SC
59%
Le Roudourou En Avant Guingamp
59%
Stadium Toulouse FC
59%
La Mosson Montpellier HSC
58%
La Meineau RC Strasbourg
58%
Stade des Alpes Grenoble Foot 38
56%
Stade Raymond Kopa Angers SCO
53%
Le Moustoir FC Lorient
52%
Stade Saint-Symphorien FC Metz
52%
Stade Océane Le Havre
50%
Stade Francis-le-Blé Stade Brestois
50%
Stade de l'Aube ESTAC Troyes
48%
Stade Charléty Paris FC
48%
Stade des Antonins-Costières Nimes Olympique
41%
Stade Michel-d'Ornano Stade Malherbe Caen
41%
Stade Gabriel Montpied Clermont Foot 63
38%
Stade Auguste Bonal FC Sochaux Montbeliard
37%
Stade Marie Marvingt- MMArena Le Mans
36%
Stade Auguste Delaune Stade de Reims
36%
Stade Marcel Picot AS Nancy Lorraine
35%
Stade François Coty AC Ajaccio
31%
Stade Bauer Red Star FC
31%
Stade du Hainaut Valenciennes FC
31%
Parc des Sports FC Annecy
27%
Stade Gaston Gérard Dijon FCO
25%
Stade Ange Casanova Gazelec Ajaccio
25%
Stade Armand Cesari SC Bastia
25%
Stade de la Vallée du Cher Tours FC
23%
Nouste Camp Pau FC
22%
Stade Francis le Basser Stade Lavallois
19%
Stade Louis Dugauguez CS Sedan Ardennes
18%
Stade Robert Diochon US Quevilly Rouen Metropole
16%
Stade de la Source US Orleans
15%
Stade Pierre de Coubertin AS Cannes
14%
Stade Gaston Petit La Berrichone Chateauroux
14%
Stade René Gaillard Chamois Niortais
13%
Stade Jean Laville Gueugnon
13%
Stade Paul Lignon Rodez AF
11%
Stade Marcel Tribut USL Dunkerque
11%
Stade Marcel Verchère Bourg en Bresse
10%
Stade de la Libération US Boulogne Cote d'Opale
10%
Stade Montbauron FC Versailles 78
9%
Stade Omnisports Jean Bouin SO Cholet
3%
Aucun quiz correspondant
Distribution des résultats
% des personnes avec chaque résultat
Percentile par nombre de réponses
Votre historique - résultats
Vous n’avez pas pris ce quiz